|
|
|
|
| LEADER |
01903nam a2200481 i 4500 |
| 001 |
EBC1780450 |
| 003 |
MiAaPQ |
| 005 |
20200520144314.0 |
| 006 |
m o d | |
| 007 |
cr cnu|||||||| |
| 008 |
140919t20142014gw a o 000 0 eng d |
| 020 |
|
|
|z 9783527333349
|
| 020 |
|
|
|z 9783527666874 (oBook)
|
| 020 |
|
|
|a 9783527666904
|q (electronic bk.)
|
| 020 |
|
|
|a 9783527666898
|q (electronic bk.)
|
| 020 |
|
|
|a 9783527666881
|q (electronic bk.)
|
| 035 |
|
|
|a (MiAaPQ)EBC1780450
|
| 035 |
|
|
|a (Au-PeEL)EBL1780450
|
| 035 |
|
|
|a (CaPaEBR)ebr10929017
|
| 035 |
|
|
|a (CaONFJC)MIL642315
|
| 035 |
|
|
|a (OCoLC)886656412
|
| 040 |
|
|
|a MiAaPQ
|b eng
|e rda
|e pn
|c MiAaPQ
|d MiAaPQ
|
| 050 |
|
4 |
|a TS1925
|b .M537 2014
|
| 082 |
0 |
|
|a 678
|2 23
|
| 245 |
0 |
0 |
|a Micro and nanostructured epoxy/rubber blends /
|c edited by Sabu Thomas, Christophe Sinturel, and Raju Thomas.
|
| 264 |
|
1 |
|a Weinheim, Germany :
|b Wiley-VCH,
|c 2014.
|
| 264 |
|
4 |
|c 2014
|
| 300 |
|
|
|a 1 online resource (463 pages) :
|b illustrations
|
| 336 |
|
|
|a text
|2 rdacontent
|
| 337 |
|
|
|a computer
|2 rdamedia
|
| 338 |
|
|
|a online resource
|2 rdacarrier
|
| 588 |
|
|
|a Description based on online resource; title from PDF title page (ebrary, viewed September 18, 2014).
|
| 590 |
|
|
|a Electronic reproduction. Ann Arbor, MI : ProQuest, 2015. Available via World Wide Web. Access may be limited to ProQuest affiliated libraries.
|
| 650 |
|
0 |
|a Elastomers.
|
| 650 |
|
0 |
|a Polymers.
|
| 650 |
|
0 |
|a Nanostructured materials.
|
| 655 |
|
4 |
|a Electronic books.
|
| 700 |
1 |
|
|a Thomas, Sabu,
|e editor.
|
| 700 |
1 |
|
|a Sinturel, Christophe,
|e editor.
|
| 700 |
1 |
|
|a Thomas, Raju,
|e editor.
|
| 776 |
0 |
8 |
|i Print version:
|t Micro and nanostructured epoxy/rubber blends.
|d Weinheim, Germany : Wiley-VCH, c2014
|h xxi, 460 pages
|z 9783527333349
|
| 797 |
2 |
|
|a ProQuest (Firm)
|
| 856 |
4 |
0 |
|u https://ebookcentral.proquest.com/lib/matrademy/detail.action?docID=1780450
|z Click to View
|